01574cam a22003734i 4500003000900000005001700009008004100026020001500067020001800082035002000100040003300120082002200153100002500175245012600200264004600326300003800372336002100410337002500431338002300456504003900479505055600518526001001074526001001084526001001094526001001104526000801114526000801122526000801130526000801138526000801146526000801154526000801162650003001170PE-LiUPU20250731173111.0181219s2018 miu rb 000 0 eng d a0825443245 a9780825443244 a(Sirsi) a251102 aPE-LiUPUbspacPE-LiUPUerda04a220.601bC5792231 aChou, Abner,eautor.14aThe hermeneutics of the biblical writers :blearning to interpret scripture from the prophets and apostles /cAbner Chou. 1aGrand Rapids :bKregel Academic,c[2018]. a251 páginas ;c23 centímetros atext2rdacontent aunmediated2rdamedia avolume2rdacarrier aBibliografía: páginas 233-251.0 aThe quest for authorial logic -- Groundwork for the quest: presuppositions and method -- The prophetic hermeneutic: the prophet as exegete and theologian -- The prophetic hermeneutic: did the prophets speak better than they knew, or better than we give them credit for? -- The apostolic hermeneutic: continuity with the prophets -- The apostolic hermeneutic: the theological fabric of the New Testament -- The Christian hermeneutic: reading as they read and intended -- Scripture's sophistication, first theologians, and the hermeneutics of surrender. aSEG42 aSEG41 aSEG40 aSEG39 aP94 aP87 aP86 aP85 aP77 aP76 aP3514aHermenéutica bíblica.